000 00578nam a2200217Ia 4500
005 20241129115659.0
008 241129s9999||||xx |||||||||||||| ||und||
020 _a9788178543932
037 _aTB
040 _aSDCL
_beng
_cSDCL
041 _aeng
_2eng
084 _aQ4:(T) R1
_qSDCL
100 _aKumar Ajit
_9391732
245 0 _aBuddhist mode of education in modern context
260 _aNew Delhi
_bEastern Book Linkers
_c2021
300 _axvii,311p
365 _aINR
_b1500
650 _aSanskrit
942 _cTB
_hQ4:(T) R1
999 _c1231539
_d1231539